Sports Quiz

Random Sports or State Quiz

Little League World Series Regions: United States Quiz Stats

 Plays Quiz not verified by Sporcle

Score 0/8 Timer 03:00
0 Plays Today
US Region % Correct
Southeast
91.9%
Southwest
90.5%
West
89.2%
Northwest
86.5%
Midwest
85.1%
New England
79.7%
Mid Atlantic
75.7%
Great Lakes
70.3%

You're not logged in!

Compare scores with friends on all Sporcle quizzes.
Join for Free
OR
Log In

You Might Also Like...

Show Comments

Extras

Top Quizzes Today


Score Distribution

Your Account Isn't Verified!

In order to create a playlist on Sporcle, you need to verify the email address you used during registration. Go to your Sporcle Settings to finish the process.

Report this User

Report this user for behavior that violates our Community Guidelines.

Details: